A Voyage to the Island of Ceylon : On Board a Dutch Indiaman in the Year M.D. ccxlvii (Record no. 133525)
[ view plain ]
| 000 -LEADER | |
|---|---|
| fixed length control field | 00458nam a2200169Ia 4500 |
| 003 - CONTROL NUMBER IDENTIFIER | |
| control field | LK-CoDNM |
| 005 - DATE AND TIME OF LATEST TRANSACTION | |
| control field | 20240910112112.0 |
| 008 - FIXED-LENGTH DATA ELEMENTS--GENERAL INFORMATION | |
| fixed length control field | 010623t xxu||||| |||| 00| 1 eng d |
| 040 ## - CATALOGING SOURCE | |
| Original cataloging agency | LK-CoDNM |
| Modifying agency | LK-CoDNM |
| Description conventions | LK-CoDNM |
| 041 ## - LANGUAGE CODE | |
| Language code of text/sound track or separate title | English |
| 080 ## - UNIVERSAL DECIMAL CLASSIFICATION NUMBER | |
| Universal Decimal Classification number | 6 |
| Item number | D37 |
| 942 ## - ADDED ENTRY ELEMENTS (KOHA) | |
| Koha item type | Books |
| 100 ## - MAIN ENTRY--PERSONAL NAME | |
| Personal name | Gentleman, Dutch |
| 245 ## - TITLE STATEMENT | |
| Title | A Voyage to the Island of Ceylon : On Board a Dutch Indiaman in the Year M.D. ccxlvii |
| 260 ## - PUBLICATION, DISTRIBUTION, ETC. (IMPRINT) | |
| Place of publication, distribution, etc. | London |
| Date of publication, distribution, etc. | 1754 |
| 300 ## - PHYSICAL DESCRIPTION | |
| Other physical details | 23p. ; 18 cm |
| Withdrawn status | Lost status | Damaged status | Not for loan | Collection code | Permanent Location | Current Location | Shelving location | Date acquired | Full call number | Barcode | Koha item type |
|---|---|---|---|---|---|---|---|---|---|---|---|
| Damaged | Old Books Collection | Library National Museum Colombo - Sri Lanka | Library National Museum Colombo - Sri Lanka | Reference | 2024-09-05 | 6 D37 | OJP126 | Books |


